Il Mondo Di Belle

Furkejuvvon:
Bibliográfalaš dieđut
Váldodahkki: Kathleen Grissom
Materiálatiipa: Girji
Giella:meroštallameahttun
Almmustuhtton: Neri Pozza Iditore
Fáddágilkorat: Lasit fáddágilkoriid
Eai fáddágilkorat, Lasit vuosttaš fáddágilkora!

MARC

LEADER 00000nam a2200000Ia 4500
001 R-1284
003 CODICE-MESSINA
005 20260212102505.0
008 260211s9999 xx 000 0 und d
040 |c importazione_messina 
100 |a Kathleen Grissom 
245 0 |a Il Mondo Di Belle 
260 |b Neri Pozza Iditore 
942 |2 ddc  |c BK 
952 |0 0  |1 0  |2 ddc  |4 0  |6 SCAFFALE_12_000000000000000__ROMANZI  |7 0  |9 32117  |a ME  |b ME  |d 2026-02-11  |l 0  |o SCAFFALE 12 - ROMANZI  |p R-1284  |r 2026-02-11 23:52:58  |w 2026-02-11  |x [REVISIONARE]  |y BK 
999 |c 27784  |d 27784